| 000 | 01000nam a2200193 a 4500 | ||
|---|---|---|---|
| 008 | 080109s1976 ||||||||||||||||| || u | ||
| 050 | _aHD 31 Mac | ||
| 100 | _aMcConkey, Dale D | ||
| 245 | 1 | 0 | _aHow to Manage by results |
| 250 | _a3rd ed | ||
| 260 |
_aNew York _bAMACOM _c[1976] |
||
| 300 | _ax, 257 pages : illustrations | ||
| 350 | _a0.00 | ||
| 650 | 0 | _aMANAGEMENT | |
| 995 |
_aTEXTBOOKS (SB) _D0.00 _e01210 _FCBU-SCHOOL TEXTBOOK COLLECTIONS _H1 _I0.00 _jSCHOOL TEXTBOOK _M3 _UAVAILABLE _WSep 17, 2009 _y01210 _ZSchool Collections |
||
| 995 |
_aANNEX COLLECTION (Main Library) _D0.00 _e705878 _FCBU-MAIN LIBRARY (Kitwe) _H2 _I0.00 _jHD 31 Mac _M2 _UAVAILABLE _y003335 _ZAnnex Low-Usage Collection |
||
| 995 |
_aTEXTBOOKS (SB) _D0.00 _e01211 _FCBU-SCHOOL TEXTBOOK COLLECTIONS _H1 _I0.00 _jSCHOOL TEXTBOOK _M4 _UAVAILABLE _WSep 17, 2009 _y01211 _ZSchool Collections |
||
| 995 |
_aMAIN LIBRARY OPEN ACCESS _D0.00 _e705879 _FCBU-MAIN LIBRARY (Kitwe) _H1 _I0.00 _jHD 31 Mac _M1 _UAVAILABLE _y003334 _ZMain Library Open Access Collection |
||
| 999 |
_c76378 _d76378 |
||